1299 1969 1482 1041 1047 1382 1285 1393 1656 1062 1953 1390 1077 1443 1186 1659 1280 1438 1995 1599 1670 1870 1608 1823 1478 1489 1140 1426 1344 1801 1060 1016 1087 1102 1935 1125 1682 1561 1257 1553 1269 1164 1922 1628 1459 1797 1889 1860 1268 1058 1662 1808 1177 1634 1752 1169 1228 1431 1924 1416 1488 1903 1025 1353 1724 1496 1595 1730 1673 1207 1550 1446 1710 1928 1936 1017 1556 1801 1681 1876 1565 1790 1676 1933 1883 1773 1515 1210 1095 1860 1481 1455 1796 1619 1410 1882 1866 1135 1191 BCNSPRNW ULIB Ver.6.0+V

เปลี่ยนเป็นภาษาไทย

Change to English
 แสดงรายละเอียดบรรณานุกรม
  กลับหน้าหลัก

Brief Record : Get Marc (ISO 2709) : E-mail record : QR code < ปิดหน้าต่าง
LEADER : 00000nam 2200000uu 4500
001    13399124774
003     ULIB
008    020711s2015 th a 000 0 eng d
020    9781259252907
060    QV4^bK20B
100    Bertram G. Katzung
245    Basic & clinical pharmacology./^cBertram G. Katzung,Anthony J. Trevor.
250    13th ed.th ed
260    New york :^bMcGraw-Hill,^c2015
300    1203 pages;^b27.5 cm
650    pharmacology
700    Anthony J. Trevor.
945    ^p0^l0^i23285
รายการนี้ยังไม่มีแท็ก
คุณยังไม่ได้ล็อกอิน คุณสามารถมีกิจกรรมร่วมกับเว็บไซต์ได้ แต่ต้องล็อกอินก่อน ::
  ล็อกอิน

รายการสื่อสารสนเทศ

ลำดับที่ ประเภท เลขเรียก/บาร์โค้ด สถานที่ สถานะ
1. วิทยาศาสตร์การแพทย์ และสุขภาพ
วิทยาศาสตร์การแพทย์ และสุขภาพ
QV4 K20B ฉ.1 
  Barcode: 23285
ห้องสมุดวิทยาเขตนครสวรรค์
►หนังสือทั่วไป:l:General Books
บนชั้น

รายการใกล้เคียง
    หัวเรื่อง [pharmacology]

BibComment


ยังไม่เคยถูกคอมเมนท์

คอมเมนท์ทรัพยากรรายการนี้
  คอมเมนท์: Basic clinical p..


 Copyright 2026. Bcnsprnw @Library